The nicomachean ethics of Aristotle

Uloženo v:
Podrobná bibliografie
Hlavní autor: Aristóteles, 384 a.C.- 322 a.C (Autor)
Médium: Kniha
Jazyk:angličtina
Vydáno: Londres Oxford University Press 1954
Edice:<The >world's classics
Témata:
Tagy: Přidat tag
Žádné tagy, Buďte první, kdo vytvoří štítek k tomuto záznamu!

MARC

LEADER 00000nam a2200000 a 4500
001 UCY6402
003 CL-VaPUC
008 950526e19540000UK |||||||||||||||||eng|d
082 0 4 |a 171  |b ARI  |2 21 
100 |a Aristóteles,  |d 384 a.C.- 322 a.C.  |e author  |9 194 
245 1 4 |a The nicomachean ethics of Aristotle 
300 |a 283 p 
942 |c BK 
945 |d 19950526 00:00:00  |a oaravena 
260 |a Londres  |b Oxford University Press  |c 1954 
600 0 |a Aristóteles,  |d 384 a.C.- 322 a.C.  |9 194 
650 0 |a Filosofía   |9 223554 
650 0 |a Filosofía antigua   |9 255705 
650 0 |a Ética  |9 255099 
650 0 |a Virtud y vicio  |9 310637 
650 0 |a Comportamiento moral  |9 334569 
650 7 |a HOMBRE  |2 CL-VaPUC  |9 262149 
650 0 |a Justicia   |9 255408 
651 0 |a Grecia  |9 265314 
583 |a last modification  |c 19950526 00:00:00  |k Rodrigo Vera 
490 0 |a <The >world's classics 
999 |c 233968  |d 233966 
952 |0 0  |1 0  |4 0  |6 171_000000000000000_ARI_1954  |7 0  |8 P  |9 239843  |a BIBEDU  |b BIBEDU  |c BIBEDU_PB  |d 2019-11-18  |i 1509276  |o 171 ARI 1954  |p 1509276  |r 2024-01-25  |w 2019-11-18  |y BK  |k FIL